| 000 | 00801cam a22001814a 4500 | ||
|---|---|---|---|
| 005 | 20250605164030.0 | ||
| 008 | 250528s ||||||||||||||||||||||||d | ||
| 035 | _a16608 | ||
| 040 |
_aGR-AtMCL _bgre _dGR-AtMCL _eAACR2 |
||
| 245 | 1 | _aΔίκαιο του Τύπου | |
| 260 |
_bΑθήνα, _c1981 |
||
| 300 | _a110 | ||
| 520 | _aΕισαγώγη, Νομοθετικό Καθεστώς του Τύπου, Μέτρα Προστασίας Υπερ του Τύπου, Ποινική Ευθύνη του Τύπου - Γενικό Μέρος, Ποινική Ευθύνη του Τύπου - Ειδικό Μέρος, Αδικήματα Τύπου, Αστική Ευθύνη του Τύπου. | ||
| 700 | 1 |
_aΚριππάς Γεώργιος _92692 |
|
| 942 | _cBK | ||
| 999 |
_c2089 _d2089 |
||